[Event "CFriend CP-2005-P-00060"]
[Site "Chessfriend.com"]
[Date "2005.10.01"]
[Round "?"]
[White "Bin Zahur, Nahim"]
[Black "Karlsson, Patrik"]
[Result "0-1"]
[WhiteElo "1000"]
[BlackElo "1980"]
[PlyCount "22"]
[EventDate "2005.??.??"]
[EventType "tourn (corr)"]
[EventRounds "6"]
[SourceTitle "Corr 2024"]
[Source "ChessBase"]
[SourceDate "2023.10.19"]
[SourceVersion "1"]
[SourceVersionDate "2023.10.19"]
[SourceQuality "1"]

1. d4 Nf6 2. c4 e6 3. Nf3 Bb4+ 4. Bd2 a5 5. g3 b6 6. Bg2 Bb7 7. 0-0 0-0 8. Nc3 d6 9. a3 Bxc3 10. Bxc3 Ne4 11. Be1 Nd7 0-1

[Event "CFriend CP-2005-P-00060"]
[Site "Chessfriend.com"]
[Date "2005.10.01"]
[Round "?"]
[White "Bin Zahur, Nahim"]
[Black "Yarkov, Evgeny"]
[Result "0-1"]
[WhiteElo "1000"]
[BlackElo "2083"]
[PlyCount "30"]
[EventDate "2005.??.??"]
[EventType "tourn (corr)"]
[EventRounds "6"]
[SourceTitle "Corr 2024"]
[Source "ChessBase"]
[SourceDate "2023.10.19"]
[SourceVersion "1"]
[SourceVersionDate "2023.10.19"]
[SourceQuality "1"]

1. d4 Nf6 2. c4 e6 3. Nc3 Bb4 4. e3 0-0 5. Nf3 d5 6. Bd3 c5 7. 0-0 Nc6 8. a3 Bxc3 9. bxc3 Qc7 10. h3 dxc4 11. Bxc4 e5 12. Ba2 e4 13. Nh2 Na5 14. Qe2 c4 15. Rb1 Rd8 0-1

[Event "CFriend CP-2005-P-00060"]
[Site "Chessfriend.com"]
[Date "2005.10.01"]
[Round "1"]
[White "Raimbert, Ronald"]
[Black "Bin Zahur, Nahim"]
[Result "1-0"]
[WhiteElo "2458"]
[BlackElo "1000"]
[PlyCount "29"]
[EventDate "2005.??.??"]
[EventType "tourn (corr)"]
[EventRounds "6"]
[SourceTitle "Corr 2024"]
[Source "ChessBase"]
[SourceDate "2023.10.19"]
[SourceVersion "1"]
[SourceVersionDate "2023.10.19"]
[SourceQuality "1"]

1. e4 c6 2. d4 d5 3. Nc3 dxe4 4. Nxe4 Bf5 5. Ng3 Bg6 6. Bc4 e6 7. N1e2 Nf6 8. 0-0 Bd6 9. f4 0-0 10. f5 exf5 11. Nxf5 Bxf5 12. Rxf5 Nbd7 13. Qd3 a5 14. a4 Qc7 15. Qh3 1-0

[Event "IECC M-5100"]
[Site "IECC email"]
[Date "2004.08.14"]
[Round "?"]
[White "Bin Zahur, Nahim"]
[Black "Pizzoni, Richard"]
[Result "1-0"]
[WhiteElo "1216"]
[BlackElo "1172"]
[PlyCount "47"]
[EventDate "2004.??.??"]
[EventType "tourn (corr)"]
[EventRounds "10"]
[SourceTitle "Corr 2020"]
[Source "ChessBase"]
[SourceDate "2019.09.30"]
[SourceVersion "1"]
[SourceVersionDate "2019.09.30"]
[SourceQuality "1"]
[WhiteTeam "Bangladesh"]
[BlackTeam "United States"]
[WhiteTeamCountry "BAN"]
[BlackTeamCountry "USA"]

1. d4 d5 2. c4 Nc6 3. Nc3 Nf6 4. cxd5 Nxd5 5. e4 Nxc3 6. bxc3 e5 7. d5 Nb8 8. Nf3 Bd6 9. Bd3 0-0 10. 0-0 Bg4 11. Rb1 b6 12. h3 Bh5 13. Re1 f6 14. Bb5 Nd7 15. Bc6 Rb8 16. Bxd7 Qxd7 17. Nxe5 Bxd1 18. Nxd7 Bc2 19. Rb2 Rbe8 20. Nxf8 Bxe4 21. Rbe2 f5 22. f3 Bc5+ 23. Kh1 Rxf8 24. fxe4 1-0